LDR 00740naa#a2200181#i#450# 001 EN\\bibl\19457 005 20260516133041.6 100 ## _a20260515b2026####ek#y0engy0150####ca 102 ## _aRU 200 1# _aANALYSIS OF ANTIOXIDANT ENZYME ACTIVITY IN SUGAR BEET LEAVES (BETA VULGARIS L.) IN CONDITIONS OF SALT STRESS _eConference article/thesis 210 1# _aVoronezh _cFSBE Institution of Higher Education Voronezh State University of Forestry and Technologies named after G.F. Morozov _d2026 215 ## _a7 с. 608 ## _aConference article/thesis _2local 675 ## _aТеория, свойства, факторы и т. п.. 577.0 _z 700 #1 _aMazharina _gA. A. 700 #1 _aSorokoletova _gA. S. 700 #1 _aSelivanova _gN. V. 856 4# _abibl.vgltu.ru _u